MARC details
| 000 -LEADER |
| campo de control de longitud fija |
01734nam a22004457a 4500 |
| 003 - IDENTIFICADOR DE NÚMERO DE CONTROL |
| campo de control |
OSt |
| 005 - FECHA Y HORA DE LA ÚLTIMA TRANSACCIÓN |
| campo de control |
20230424102106.0 |
| 008 - DATOS DE LONGITUD FIJA--INFORMACIÓN GENERAL |
| campo de control de longitud fija |
221006b |||||||| |||| 00| 0 eng d |
| 040 ## - FUENTE DE CATALOGACIÓN |
| Centro/agencia transcriptor |
Biblioteca Lado V |
| 082 ## - NÚMERO DE LA CLASIFICACIÓN DECIMAL DEWEY |
| Número de clasificación |
700 |
| Número de ítem |
F272d |
| 100 ## - ENTRADA PRINCIPAL--NOMBRE DE PERSONA |
| 9 (RLIN) |
813 |
| Nombre de persona |
Favaron, Pedro |
| Término indicativo de función/relación |
editor |
| 245 ## - MENCIÓN DEL TÍTULO |
| Título |
Distancia Critica/ |
| Resto del título |
Aportes hacia una nueva conciencia social/ |
| 260 ## - PUBLICACIÓN, DISTRIBUCIÓN, ETC. |
| Nombre del editor, distribuidor, etc. |
Realidad Visual |
| Fecha de publicación, distribución, etc. |
2005 |
| Lugar de publicación, distribución, etc. |
Peru |
| -- |
Mexico |
| -- |
Canada |
| 300 ## - DESCRIPCIÓN FÍSICA |
| Dimensiones |
21x30cm |
| Extensión |
44p. |
| 490 ## - MENCIÓN DE SERIE |
| Designación de volumen o secuencia |
2005 |
| -- |
2 |
| Número Internacional Normalizado para Publicaciones Seriadas |
2004-3209 |
| Mención de serie |
5 |
| 505 ## - NOTA DE CONTENIDO CON FORMATO |
| Título |
Asociacion Libre |
| 505 ## - NOTA DE CONTENIDO CON FORMATO |
| Título |
El Estado: Perspectiva General |
| 505 ## - NOTA DE CONTENIDO CON FORMATO |
| Título |
Una Experiencia Autogestionaria en Italia |
| 505 ## - NOTA DE CONTENIDO CON FORMATO |
| Título |
Periferias y futuro: Lima Frente al espejo |
| 505 ## - NOTA DE CONTENIDO CON FORMATO |
| Título |
Participación, domingo y mercado |
| 505 ## - NOTA DE CONTENIDO CON FORMATO |
| Título |
Ecología y Anarquismo |
| 505 ## - NOTA DE CONTENIDO CON FORMATO |
| Título |
Consumismo, medios y política |
| 505 ## - NOTA DE CONTENIDO CON FORMATO |
| Título |
La formacion de los intelectuales |
| 505 ## - NOTA DE CONTENIDO CON FORMATO |
| Título |
El discurso totalitario de sendero luminoso |
| 505 ## - NOTA DE CONTENIDO CON FORMATO |
| Título |
Entrevista a Leoncio Bueno |
| 505 ## - NOTA DE CONTENIDO CON FORMATO |
| Título |
La pedagogía de Francisco Ferrer Guardia |
| 505 ## - NOTA DE CONTENIDO CON FORMATO |
| Título |
Literatura y Sociedad |
| 505 ## - NOTA DE CONTENIDO CON FORMATO |
| Título |
Conferencia sobre algo |
| 505 ## - NOTA DE CONTENIDO CON FORMATO |
| Título |
El mundo según google |
| 650 ## - PUNTO DE ACCESO ADICIONAL DE MATERIA--TÉRMINO DE MATERIA |
| Fuente del encabezamiento o término |
Tesauro de Arte & Arquitectura |
| Término de materia o nombre geográfico como elemento de entrada |
CONCIENCIA SOCIAL |
| 9 (RLIN) |
703 |
| 650 ## - PUNTO DE ACCESO ADICIONAL DE MATERIA--TÉRMINO DE MATERIA |
| Fuente del encabezamiento o término |
Tesauro de Arte & Arquitectura |
| Término de materia o nombre geográfico como elemento de entrada |
HISTORIA |
| 650 ## - PUNTO DE ACCESO ADICIONAL DE MATERIA--TÉRMINO DE MATERIA |
| Fuente del encabezamiento o término |
Tesauro de Arte & Arquitectura |
| Término de materia o nombre geográfico como elemento de entrada |
ARTE COSTARRICENSE |
| 650 ## - PUNTO DE ACCESO ADICIONAL DE MATERIA--TÉRMINO DE MATERIA |
| Fuente del encabezamiento o término |
Tesauro de Arte & Arquitectura |
| Término de materia o nombre geográfico como elemento de entrada |
CULTURA |
| 650 ## - PUNTO DE ACCESO ADICIONAL DE MATERIA--TÉRMINO DE MATERIA |
| Fuente del encabezamiento o término |
Tesauro de Arte & Arquitectura |
| Término de materia o nombre geográfico como elemento de entrada |
ARTE LATINOAMERICANO |
| 650 ## - PUNTO DE ACCESO ADICIONAL DE MATERIA--TÉRMINO DE MATERIA |
| Fuente del encabezamiento o término |
Tesauro de Arte & Arquitectura |
| Término de materia o nombre geográfico como elemento de entrada |
TEORIA |
| 650 ## - PUNTO DE ACCESO ADICIONAL DE MATERIA--TÉRMINO DE MATERIA |
| Fuente del encabezamiento o término |
Tesauro de Arte & Arquitectura |
| Término de materia o nombre geográfico como elemento de entrada |
LITERATURA |
| 650 ## - PUNTO DE ACCESO ADICIONAL DE MATERIA--TÉRMINO DE MATERIA |
| Fuente del encabezamiento o término |
Tesauro de Arte & Arquitectura |
| Término de materia o nombre geográfico como elemento de entrada |
CRITICA |
| 650 ## - PUNTO DE ACCESO ADICIONAL DE MATERIA--TÉRMINO DE MATERIA |
| Fuente del encabezamiento o término |
Tesauro de Arte & Arquitectura |
| Término de materia o nombre geográfico como elemento de entrada |
TEATRO |
| 942 ## - ELEMENTOS DE ENTRADA SECUNDARIOS (KOHA) |
| Fuente del sistema de clasificación o colocación |
Clasificación Decimal Dewey |
| Tipo de ítem Koha |
Libros |
| Parte de la signatura que corresponde a la clasificación (Parte de la clasificación) |
700 |
| Parte de la signatura que identifica el ejemplar (Parte del ítem) |
F272d |
| Suprimir en OPAC |
No |